Estadísticas para Países más Poblados por Categoría

Haz click aquí para intentar la prueba.

Estadísticas generales

  • Esta prueba ha sido intentada 51 veces
  • La puntuación promedio es 12 de 20

Estadísticas de respuestas

CategoríaPaís% Correcto
en el mundoChina
100%
en el mundo (2030, proyectado)India
98%
enteramente en EuropaAlemania
94%
HispanohablanteMéxico
94%
en ÁfricaNigeria
90%
en OceaníaAustralia
84%
de habla portuguesaBrasil
82%
en CentroaméricaGuatemala
82%
de habla árabeEgipto
70%
enteramente en islasIndonesia
68%
cuyo nombre comienza con HHaití
54%
sin ejército permanenteCosta Rica
34%
sin fronteras terrestresJapón
34%
con una elevación media de
menos de 50 metros
Países Bajos
34%
con un nombre de 4 letrasIrán
30%
sin salida al marEtiopía
28%
de menos de 1.000 km2Singapur
28%
con mas inmigrantes
que ciudadanos
Emiratos Árabes Unidos
26%
sin ríosArabia Saudita
22%
de menos de 40.000 km2Taiwán
14%

Distribución de puntuación

Porcentaje por número respondido

Porcentaje de gente con cada puntuación

Historial de tus puntuaciones

No has intentado esta prueba.